000 00568nam a2200241Ia 4500
005 20260123164130.0
008 008 260114s9999 xx 000 0 eng d
020 _a9789354434563
037 _aEBOOK
040 _aCRL
040 _beng
040 _cCRL
041 _2eng
041 _aeng
084 _qCRL
100 _aPailwar
_91106311
245 0 _aEconomic environment of business, 3/e
260 _bPHI
856 _uhttps://elibrary.phindia.com/ebooks/reader/9789354434563
942 _cEBOOK
999 _c1671434
_d1671434